000
00239nam a2200097Ia 4500
001
689209
005
20250826161630.0
008
250824s9999 xx 000 0 und d
245
0
_a
DA VİNCİ ŞİFRESİ
_c
DAN BROWN
260
_b
ALTIN KİTAPLAR
999
_c
689209
_d
689209